Loreto College Library, Kolkata
WEBOPAC (ONLINE PUBLIC ACCESS CATALOGUE)

Sahityer rup riti o onnanya prasanga (Record no. 39915)

MARC details
000 -LEADER
fixed length control field 00586nam a22002177a 4500
005 - DATE AND TIME OF LATEST TRANSACTION
control field 20150410143946.0
008 - FIXED-LENGTH DATA ELEMENTS--GENERAL INFORMATION
fixed length control field 150410b xxu||||| |||| 00| 0 eng d
020 ## - ISBN | অাই এস বি এন
ISBN | অাই এস বি এন 9789381329030
PRICE 180.00
040 ## - CATALOGING SOURCE
Original cataloging agency Loreto College
041 ## - LANGUAGE CODE
Language code English
082 ## - DDC | ডিউই
Classification number | বর্গসংখ্যা 891.44
Book Number | গ্রন্থাঙ্ক CHA
100 ## - MAIN ENTRY--PERSONAL NAME | মুখ্য সংলেখ - ব্যাক্তিনাম
Personal name | ব্যাক্তিনাম Chattopadhyay,Kuntal
245 ## - TITLE STATEMENT | অাখ্যা বিবরণী
Title | অাখ্যা Sahityer rup riti o onnanya prasanga
Statement of responsibility | লেখকের দায়িত্বের বিবরণ Kuntal Chattopadhyay
250 ## - EDITION STATEMENT | সংস্করণ ক্ষেত্র
Edition statement | সংস্করণ 5th rev.& enl.ed
260 ## - IMPRINT | প্রকাশনা ক্ষেত্র
Place of publication | প্রকাশ স্থান Koljata
Name of publisher | প্রকাশকের নাম Ratnabali
Date of publication | প্রকাশ কাল 2012
300 ## - PHYSICAL DESCRIPTION |
Page / Vol. No | পৃষ্ঠা / খন্ড সংখ্যা 455p
Other physical details | অনান্য বাহ্যিক বিবরণ 22cm
504 ## - BIBLIOGRAPHY, ETC. NOTE
Bibliography, etc Includes index
650 ## - SUBJECT ADDED ENTRY--TOPICAL TERM | বিষয় শিরোনাম - মূল বিষয়
Topical term | মূল বিষয় Bengali literature-History
850 ## - HOLDING INSTITUTION
Holding institution LCLIB
942 ## - ADDED ENTRY ELEMENTS (KOHA)
Koha item type Books
Holdings
Withdrawn status Lost status Source of classification Damaged status Not for loan Home library Current library Date acquired Price Total Checkouts Full call number Accession No. Date last seen Date checked out Price effective from Koha item type
    Dewey Decimal Classification     Loreto College Loreto College 10/04/2015 180.00 8 891.44 CHA 51196 43473 18/03/2019 18/03/2019 10/04/2015 Books
    Dewey Decimal Classification     Loreto College Loreto College 10/04/2015 180.00 9 891.44 CHA 51197 43474 03/01/2025 18/12/2024 10/04/2015 Books
    Dewey Decimal Classification     Loreto College Loreto College 08/07/2016 200.00 3 891.44 CHA 51516 44305 08/05/2018 08/05/2018 08/07/2016 Books